header

Practical manual of echocardiography in the urgent setting (Record no. 59327)

MARC details
000 -LEADER
fixed length control field 01191nam a2200301 a 4500
245 00 - TITLE STATEMENT
Title Practical manual of echocardiography in the urgent setting
260 ## - PUBLICATION, DISTRIBUTION, ETC. (IMPRINT)
Place of publication Hoboken, N.J. :
Name of publisher Wiley,
Year of publication 2013.
300 ## - PHYSICAL DESCRIPTION
Number of Pages xiv, 263 p. :
Other physical details col. ill.
650 #0 - SUBJECT ADDED ENTRY--TOPICAL TERM
Topical Term Echocardiography.
Topical Term Emergency medicine.
700 1# - ADDED ENTRY--PERSONAL NAME
Personal name Fridman, Vladimir.
Personal name Garcia, Mario J.
856 40 - ELECTRONIC LOCATION AND ACCESS
Uniform Resource Identifier http://site.ebrary.com/lib/rucke/Doc?id=10677826

No items available.

© 2026 Rongo University
Contact us: librarian | system librarian | Rongo university